000 00475pab a2200181 454500
008 180718b2009 xxu||||| |||| 00| 0 eng d
100 _aOllapally, Anita
245 _aThe holistic approach to diversity management: HR implications
260 _c2009
300 _ap.454-72.
362 _aJan
650 _aHuman resources
650 _aManagement
700 _aBhatnagar, Jyotsna
773 _aIndian Journal of Industrial Relations
908 _aN
909 _a81689
999 _c81689
_d81689